000
00303 a2200157 4500
001
176131
020
_a
040
_c
Magnum
100
_a
Boura, Clenio
240
1
0
_a
A descoberta
_l
por
245
1
0
_a
A descoberta
362
0
_a
1899
440
1
_a
LĂȘ
697
_a
MAGNITO: I/GERAL
942
_c
BK
999
_c
176131
_d
176131